[Event "Przelazy Cup op 7th"]
[Site "Przelazy"]
[Date "2007.04.17"]
[Round "9"]
[White "Stankowski, Aleksander"]
[Black "Wojciechowski, Filip"]
[Result "1-0"]
[WhiteElo "1615"]
[BlackElo "1850"]
[PlyCount "23"]
[EventDate "2007.04.10"]
[EventType "swiss"]
[EventRounds "9"]
[EventCountry "POL"]
[SourceTitle "EXT 2011"]
[Source "ChessBase"]
[SourceDate "2010.11.26"]
[SourceVersion "1"]
[SourceVersionDate "2010.11.26"]
[SourceQuality "1"]

1. e4 c5 2. Nc3 Nc6 3. Bc4 d6 4. d3 Nf6 5. f4 g6 6. Nf3 Bg7 7. 0-0 0-0 8. Qe1 e6 9. Qh4 Nd4 10. Nxd4 cxd4 11. Ne2 Ne8 12. Qxd8 1-0

[Event "Przelazy Cup op 7th"]
[Site "Przelazy"]
[Date "2007.04.16"]
[Round "8"]
[White "Wojciechowski, Filip"]
[Black "Wielosz, Jaroslaw"]
[Result "0-1"]
[WhiteElo "1850"]
[BlackElo "1963"]
[PlyCount "104"]
[EventDate "2007.04.10"]
[EventType "swiss"]
[EventRounds "9"]
[EventCountry "POL"]
[SourceTitle "EXT 2011"]
[Source "ChessBase"]
[SourceDate "2010.11.26"]
[SourceVersion "1"]
[SourceVersionDate "2010.11.26"]
[SourceQuality "1"]

1. e4 c5 2. Nf3 e6 3. d4 cxd4 4. Nxd4 a6 5. c4 Nf6 6. Nc3 Bb4 7. Bd3 Nc6 8. Nde2 d5 9. cxd5 exd5 10. exd5 Nxd5 11. Bd2 Nxc3 12. Bxc3 0-0 13. 0-0 Bxc3 14. Nxc3 Nb4 15. Be4 Qxd1 16. Raxd1 f5 17. Nd5 fxe4 18. Nxb4 Bg4 19. Rd4 Rfe8 20. Re1 Rad8 21. Nc2 Rxd4 22. Nxd4 Kf7 23. h3 Bd7 24. Kf1 Kf6 25. Ke2 Ke5 26. Ke3 Rc8 27. Re2 Rc1 28. Rc2 Rd1 29. f4+ Kd5 30. Nb3 Rd3+ 31. Ke2 Bb5 32. Rd2 Rxd2+ 33. Kxd2 Bf1 34. g4 Bxh3 35. g5 b6 36. Ke3 Bd7 37. Nd2 Bf5 38. Nf1 h5 39. gxh6 gxh6 40. Ng3 Bg6 41. f5 Bf7 42. Kf4 e3 43. Kxe3 Ke5 44. a3 h5 45. Nf1 h4 46. Kf3 Kxf5 47. Ne3+ Kg5 48. Kg2 Be6 49. Nc2 Kf4 50. Nb4 a5 51. Na6 Ke5 52. Nc7 Bd7 0-1

[Event "Przelazy Cup op 7th"]
[Site "Przelazy"]
[Date "2007.04.14"]
[Round "6"]
[White "Lipski, Tadeusz"]
[Black "Wojciechowski, Filip"]
[Result "1-0"]
[WhiteElo "2117"]
[BlackElo "1850"]
[PlyCount "63"]
[EventDate "2007.04.10"]
[EventType "swiss"]
[EventRounds "9"]
[EventCountry "POL"]
[SourceTitle "EXT 2011"]
[Source "ChessBase"]
[SourceDate "2010.11.26"]
[SourceVersion "1"]
[SourceVersionDate "2010.11.26"]
[SourceQuality "1"]

1. e4 c5 2. Nf3 d6 3. d4 cxd4 4. Nxd4 Nf6 5. Nc3 a6 6. g3 e6 7. Bg2 Be7 8. 0-0 0-0 9. Be3 Qc7 10. Qe2 Nbd7 11. f4 Rb8 12. g4 Nb6 13. g5 Nfd7 14. Rad1 Re8 15. f5 Ne5 16. Qh5 g6 17. Qh3 Bf8 18. Rf4 Nbc4 19. Bc1 b5 20. Rh4 h5 21. gxh6 Kh7 22. b3 Na5 23. Nce2 Be7 24. fxg6+ fxg6 25. Rf4 Bg5 26. Rf2 Bxc1 27. Rxc1 Nf7 28. Rcf1 Nh8 29. e5 d5 30. Nf3 Qe7 31. Ned4 Bd7 32. Qg3 1-0

[Event "Przelazy Cup op 7th"]
[Site "Przelazy"]
[Date "2007.04.13"]
[Round "4"]
[White "Kowalczyk, Henryk"]
[Black "Wojciechowski, Filip"]
[Result "0-1"]
[WhiteElo "1851"]
[BlackElo "1850"]
[PlyCount "72"]
[EventDate "2007.04.10"]
[EventType "swiss"]
[EventRounds "9"]
[EventCountry "POL"]
[SourceTitle "EXT 2011"]
[Source "ChessBase"]
[SourceDate "2010.11.26"]
[SourceVersion "1"]
[SourceVersionDate "2010.11.26"]
[SourceQuality "1"]

1. g3 g6 2. Bg2 Bg7 3. d4 d5 4. c3 Nf6 5. Nf3 0-0 6. 0-0 Nbd7 7. Bg5 Re8 8. Nbd2 c6 9. h3 h6 10. Bf4 Nh5 11. Be3 Qc7 12. g4 Nf4 13. Bxf4 Qxf4 14. e3 Qc7 15. e4 dxe4 16. Nxe4 Nf6 17. Ng3 Nd5 18. Ne2 a5 19. Qd2 Kh7 20. c4 Nb6 21. Rac1 Nd7 22. Nc3 e5 23. d5 e4 24. d6 Qd8 25. Nh2 f5 26. gxf5 gxf5 27. Ne2 Ne5 28. Rc2 Nd3 29. c5 Qh4 30. f4 Rg8 31. Nc1 Bd4+ 32. Kh1 Rxg2 33. Qxg2 Be6 34. Nf3 exf3 35. Rxf3 Ne1 36. Qe2 Nxf3 0-1

[Event "Przelazy Cup op 7th"]
[Site "Przelazy"]
[Date "2007.04.10"]
[Round "1"]
[White "Wojciechowski, Filip"]
[Black "Rudnicki, Milosz"]
[Result "0-1"]
[WhiteElo "1850"]
[BlackElo "2148"]
[PlyCount "48"]
[EventDate "2007.04.10"]
[EventType "swiss"]
[EventRounds "9"]
[EventCountry "POL"]
[SourceTitle "EXT 2011"]
[Source "ChessBase"]
[SourceDate "2010.11.26"]
[SourceVersion "1"]
[SourceVersionDate "2010.11.26"]
[SourceQuality "1"]

1. e4 c5 2. Nf3 d6 3. d4 cxd4 4. Nxd4 Nf6 5. Nc3 g6 6. Be3 Bg7 7. Qd2 Ng4 8. Bg5 Nc6 9. Nb3 Be6 10. f3 Nge5 11. Nd5 0-0 12. 0-0-0 Rc8 13. Kb1 a6 14. Be2 b5 15. c3 Nc4 16. Bxc4 bxc4 17. Nd4 Bxd5 18. exd5 Nxd4 19. cxd4 Qd7 20. Ka1 Rfe8 21. Rde1 e5 22. dxe6 Rxe6 23. d5 Rxe1+ 24. Rxe1 c3 0-1